Manual de preparación Prueba de Conocimientos Específicos: Matemática
Gespeichert in:
| 1. Verfasser: | |
|---|---|
| Format: | Buch |
| Sprache: | Spanisch |
| Veröffentlicht: |
Santiago
Ediciones Universidad Católica de Chile
1999
|
| Ausgabe: | 3a. ed |
| Schlagworte: | |
| Tags: |
Tag hinzufügen
Keine Tags, Fügen Sie den ersten Tag hinzu!
|
MARC
| LEADER | 00000nam a2200000 a 4500 | ||
|---|---|---|---|
| 001 | UCH6367 | ||
| 003 | CL-VaPUC | ||
| 008 | 091109e19990000CL |||||||||||||||||spa|d | ||
| 020 | |a 9561404109 | ||
| 082 | 0 | 4 | |a 378.16 |b ORM |2 21 |
| 100 | |a Ormazábal Díaz-Muñoz, Miguel Ramón |e autor |9 549283 | ||
| 245 | 1 | 0 | |a Manual de preparación Prueba de Conocimientos Específicos: Matemática |
| 250 | |a 3a. ed | ||
| 300 | |a 328 p | ||
| 942 | |c BK | ||
| 945 | |d 20091109 00:00:00 |a lazolas | ||
| 260 | |a Santiago |b Ediciones Universidad Católica de Chile |c 1999 | ||
| 650 | 0 | |a Matemáticas |v Problemas, ejercicios, etc |9 883048 | |
| 650 | 7 | |a PRUEBA DE CONOCIMIENTOS ESPECIFICOS |2 CL-VaPUC |9 542827 | |
| 650 | 7 | |a PRUEBA DE APTITUD ACADEMICA |2 CL-VaPUC |9 542828 | |
| 583 | |a last modification |c 20091109 00:00:00 |k Rodrigo Vera | ||
| 999 | |c 337271 |d 337269 | ||